Statistics for Guess the anime

Click here to take the quiz!

General Stats

  • This quiz has been taken 28 times
  • The average score is 9 of 15

Answer Stats

HintAnswer% Correct
A 17 year old boy with a popular persona adventures to be the pirate kingOne piece
96%
a girl stumbled upon a bandage murderer in a building where she has no idea how she got thereangels of death
92%
A god of death can kill anyone by writing their name in a notebookDeath note
92%
A small boy brings back the volleyball club at his school to become the next tiny giantHaikyuu
88%
Quirks are discovered and are increasing all over the worldMha\my hero academia
83%
Virtual reality role-play game is launched in 2022Sword art online
75%
When a creature chops the moon into a crescent high schoolers are forced into killing this creatureassassination classroom
71%
Every school has the seven wonders that are urban legends the most famous one is the toilet spirit hanakoToilet bound hanako kun
63%
A high school boy has had a love for water since primary school and competed in a relay race with his friends and claimed victoryfree
54%
An agent is working tirelessly to stop a war with ostaniaspy x family
50%
A fearsome monster slayer is leading a split life with a ceremonial sword passed down by her fatherBlood c
42%
Four Young men are stuck in nanba prison and try to escapeNanbaka
42%
A immortal being is sent to earth with no identity but is able to take shape of those around it

to your eternity
13%
Revolutionary army assembled to overthrow prime ministerAkame Ga kill
8%
A high schooler spends his days in a clubroom for paranormal activities but this lifestyle soon takes a turnjjk\ jujustu kaisen
4%

Score Distribution

Percentile by Number Answered

Percent of People with Each Score

Your Score History

You have not taken this quiz